000 00878cam a22002893a 4500
001 2263
003 PGUSA
005 20140828083012.0
008 000701s2000||||xxu|||||s|||||000 | eng d
040 _aPGUSA
_beng
042 _adc
050 4 _aPR
100 1 _aShakespeare, William,
_d1564-1616
245 1 0 _aJulius Caesar
_h[electronic resource] /
_cWilliam Shakespeare
260 _bProject Gutenberg,
_c2000
506 _aPublic domain in the USA.
516 _aElectronic text
653 _aCaesar, Julius -- Assassination -- Drama
653 _aAssassins -- Drama
653 _aConspiracies -- Drama
653 _aBrutus, Marcus Junius, 85 B.C.?-42 B.C. -- Drama
653 _aTragedies
653 _aRome -- History -- Civil War, 43-31 B.C. -- Drama
830 0 _aProject Gutenberg
_v2263
856 4 0 _uhttp://www.gutenberg.org/ebooks/2263
942 _cEB
999 _c231600
_d231600